| 000 | 00697nam a2200229Ia 4500 | ||
|---|---|---|---|
| 003 | Ost | ||
| 005 | 20260507075156.0 | ||
| 008 | 260507s9999||||xx |||||||||||||| ||und|| | ||
| 020 | _a4034410977 | ||
| 040 | _cfsecg | ||
| 041 | _aara | ||
| 082 | _a330 | ||
| 100 |
_aغنيم، احمد محمد _eمؤلف |
||
| 245 | 0 |
_aنظام ادارة الانتاج المتكامل باستخدام الحاسب الالي / _c احمد محمد غنيم |
|
| 260 |
_aالمنصورة: _bالمكتبة العصرية, _c2007 |
||
| 300 | _a560 صفحة؛ | ||
| 653 | _aادارة | ||
| 653 | _aادارة الانتاج | ||
| 653 | _aانتاج | ||
| 653 | _aحاسب الى | ||
| 942 | _cكتاب | ||
| 999 |
_c43374 _d43374 |
||